[Event "DC International"]
[Site "Arlington, VA"]
[Date "2013.06.29"]
[Round "6.6"]
[White "Balasubramanian, Adithya"]
[Black "Neimer, Vitaly"]
[Result "1-0"]
[WhiteElo "2298"]
[BlackElo "2420"]
[PlyCount "93"]
[EventDate "2013.06.??"]
[EventType "swiss"]
[EventRounds "9"]
[EventCountry "USA"]
[SourceDate "2013.06.27"]

1. g3 c5 2. Nf3 Nc6 3. d4 cxd4 4. Nxd4 g6 5. Bg2 Bg7 6. Nb3 Nf6 7. O-O O-O 8.
c4 d6 9. Nc3 Be6 10. c5 Qc8 11. cxd6 Rd8 12. Nb5 a6 13. N5d4 Bxb3 14. Nxc6 bxc6
15. Qxb3 exd6 16. Qc2 d5 17. Bf4 Qe6 18. Rac1 Rac8 19. Rfd1 c5 20. b3 h6 21. h4
Nh5 22. Bd2 d4 23. Qd3 Nf6 24. Bb7 Rc7 25. Qxa6 Qxa6 26. Bxa6 Ra8 27. Bf4 Re7
28. Bc4 Ne4 29. a4 g5 30. hxg5 hxg5 31. Bd2 Nxd2 32. Rxd2 Re5 33. Ra2 Ra5 34.
Kg2 Kf8 35. Rh1 Ke7 36. Rh7 Kf6 37. Ra1 Re8 38. Bb5 Re5 39. Rc1 Kg6 40. Bd3+
Kf6 41. f4 gxf4 42. gxf4 Re3 43. Rch1 Ra8 44. R1h5 Rg8 45. Rf5+ Ke6 46. Rg5 Kf6
47. Kf2 1-0

[Event "DC International"]
[Site "Arlington, VA"]
[Date "2013.06.29"]
[Round "6.7"]
[White "Aaron, Deepak"]
[Black "Cornejo, Max"]
[Result "0-1"]
[WhiteElo "2252"]
[BlackElo "2395"]
[PlyCount "66"]
[EventDate "2013.06.??"]
[EventType "swiss"]
[EventRounds "9"]
[EventCountry "USA"]
[SourceDate "2013.06.27"]

1. e4 c5 2. Nf3 Nc6 3. d4 cxd4 4. Nxd4 g6 5. Nc3 Bg7 6. Be3 Nf6 7. Bc4 O-O 8.
Bb3 Ng4 9. Qxg4 Nxd4 10. Qd1 Nxb3 11. axb3 a5 12. Bd4 d6 13. h4 h5 14. f3 Ra6
15. Qd2 Bd7 16. g4 Bxd4 17. Qxd4 hxg4 18. O-O-O a4 19. bxa4 e5 20. Qb4 Rb6 21.
Qa3 Be6 22. fxg4 Bxg4 23. Rd2 Be6 24. Nb5 Qf6 25. Qe3 Rxb5 26. axb5 Ra8 27.
Rdd1 d5 28. b3 d4 29. Qg3 Qe7 30. Qxe5 Ra1+ 31. Kd2 Qb4+ 32. Ke2 Bg4+ 33. Kf2
Rxd1 0-1

[Event "DC International"]
[Site "Arlington, VA"]
[Date "2013.06.29"]
[Round "6.10"]
[White "Vibbert, Sean"]
[Black "Bodek, Michael"]
[Result "1/2-1/2"]
[WhiteElo "2255"]
[BlackElo "2339"]
[PlyCount "38"]
[EventDate "2013.06.??"]
[EventType "swiss"]
[EventRounds "9"]
[EventCountry "USA"]
[SourceDate "2013.06.27"]

1. e4 c5 2. Nf3 d6 3. d4 cxd4 4. Nxd4 Nf6 5. Nc3 g6 6. Be3 Bg7 7. f3 O-O 8. Qd2
Nc6 9. O-O-O d5 10. exd5 Nxd5 11. Nxc6 bxc6 12. Bd4 Bxd4 13. Qxd4 Qb6 14. Na4
Qa5 15. b3 Qc7 16. Bc4 Rb8 17. g3 Rd8 18. Rhe1 Qd6 19. Qe5 Qa3+ 1/2-1/2

[Event "DC International"]
[Site "Arlington, VA"]
[Date "2013.06.29"]
[Round "6.13"]
[White "Viswanadha, Kesav"]
[Black "Akylbekov, Nasir"]
[Result "1/2-1/2"]
[WhiteElo "2177"]
[BlackElo "2320"]
[PlyCount "87"]
[EventDate "2013.06.??"]
[EventType "swiss"]
[EventRounds "9"]
[EventCountry "USA"]
[SourceDate "2013.06.27"]

1. e4 e5 2. Nf3 Nc6 3. Bb5 a6 4. Ba4 Nf6 5. O-O Nxe4 6. d4 b5 7. Bb3 d5 8. dxe5
Be6 9. c3 Be7 10. Nbd2 Nc5 11. Bc2 Bg4 12. h3 Bh5 13. Re1 O-O 14. Nf1 Qd7 15.
Ng3 Bg6 16. Be3 Rfe8 17. b4 Ne6 18. Bb3 Rad8 19. a4 d4 20. axb5 axb5 21. Bxe6
fxe6 22. Bxd4 Nxd4 23. Qxd4 Qc6 24. Qg4 Qxc3 25. Qxe6+ Kh8 26. Rec1 Qxb4 27.
Qc6 Rb8 28. Qxc7 Qf4 29. Ne2 Qf8 30. Ned4 b4 31. Qc4 Rec8 32. Qb3 Rxc1+ 33.
Rxc1 Rc8 34. Rxc8 Qxc8 35. Qd5 Be8 36. Nb3 h6 37. Nfd4 Ba4 38. f4 Bxb3 39. Nxb3
Qc3 40. Qa8+ Kh7 41. Qe4+ Kh8 42. Qa8+ Kh7 43. Qe4+ Kh8 44. Qa8+ 1/2-1/2

[Event "DC International"]
[Site "Arlington, VA"]
[Date "2013.06.29"]
[Round "6.15"]
[White "Sturt, Raven"]
[Black "Zimmer, Ralph"]
[Result "1-0"]
[WhiteElo "2279"]
[BlackElo "2182"]
[PlyCount "59"]
[EventDate "2013.06.??"]
[EventType "swiss"]
[EventRounds "9"]
[EventCountry "USA"]
[SourceDate "2013.06.27"]

1. d4 Nf6 2. c4 c5 3. d5 b5 4. cxb5 a6 5. bxa6 g6 6. Nc3 Bxa6 7. g3 d6 8. Bg2
Nbd7 9. Rb1 Bg7 10. Nf3 O-O 11. O-O Qa5 12. Bd2 Bb7 13. a4 Qa7 14. b3 Nxd5 15.
Nxd5 Bxd5 16. Bg5 Be4 17. Bxe7 Rfe8 18. Bxd6 Bxb1 19. Qxb1 Rxe2 20. Ng5 Bd4 21.
Bxa8 Qxa8 22. Qd3 Rb2 23. Qc4 Qe8 24. Nf3 Bf6 25. Re1 Qa8 26. Qd3 Qa5 27. Bf4
Qc3 28. Bh6 Qxe1+ 29. Nxe1 Bd4 30. Qe4 1-0

[Event "DC International"]
[Site "Arlington, VA"]
[Date "2013.06.29"]
[Round "6.16"]
[White "Beilin, Allan"]
[Black "Mo, Kevin"]
[Result "1/2-1/2"]
[WhiteElo "2026"]
[BlackElo "2273"]
[PlyCount "79"]
[EventDate "2013.06.??"]
[EventType "swiss"]
[EventRounds "9"]
[EventCountry "USA"]
[SourceDate "2013.06.27"]

1. e4 c5 2. Nf3 d6 3. d4 cxd4 4. Nxd4 Nf6 5. Nc3 a6 6. Be2 e5 7. Nb3 Be7 8. O-O
O-O 9. Be3 Be6 10. Nd5 Bxd5 11. exd5 Nbd7 12. c4 Qc7 13. Rc1 Rfe8 14. Nd2 a5
15. b3 Bf8 16. f3 g6 17. Ne4 Nh5 18. Qd2 b6 19. a3 Ng7 20. Nc3 Nf5 21. Nb5 Qd8
22. b4 axb4 23. axb4 Ra4 24. Ra1 Rxa1 25. Rxa1 h5 26. Ra7 e4 27. f4 Bg7 28. g4
hxg4 29. Bxg4 Nxe3 30. Bxd7 Re7 31. Qxe3 Rxd7 32. Qxe4 Rxa7 33. Nxa7 Qf6 34.
Nc6 Qa1+ 35. Kf2 Qb2+ 36. Kg3 Qc3+ 37. Kg2 Qb2+ 38. Kg3 Qc3+ 39. Kg2 Qb2+ 40.
Kg3 1/2-1/2

[Event "DC International"]
[Site "Arlington, VA"]
[Date "2013.06.29"]
[Round "6.18"]
[White "Bowersock, Michael"]
[Black "Wheeler, Cameron"]
[Result "1/2-1/2"]
[WhiteElo "2124"]
[BlackElo "2215"]
[PlyCount "59"]
[EventDate "2013.06.??"]
[EventType "swiss"]
[EventRounds "9"]
[EventCountry "USA"]
[SourceDate "2013.06.27"]

1. c4 e5 2. g3 Nc6 3. Nc3 g6 4. Bg2 Bg7 5. e3 d6 6. Nge2 f5 7. d3 Nf6 8. O-O
O-O 9. Rb1 a5 10. a3 h6 11. b4 axb4 12. axb4 g5 13. Nd5 Nxd5 14. cxd5 Ne7 15.
Qc2 Bd7 16. Bd2 c6 17. dxc6 Bxc6 18. f4 Qd7 19. e4 fxe4 20. b5 Bd5 21. dxe4
Rfc8 22. Qd1 Ba2 23. Rb2 Bc4 24. fxg5 hxg5 25. Bxg5 Rf8 26. Rxf8+ Rxf8 27. Rd2
Nc8 28. Nc3 Qc7 29. h4 Bxb5 30. Nxb5 1/2-1/2

[Event "DC International"]
[Site "Arlington, VA"]
[Date "2013.06.29"]
[Round "6.20"]
[White "Sinha, Sahil"]
[Black "Li, Ruifeng"]
[Result "0-1"]
[WhiteElo "1898"]
[BlackElo "2203"]
[PlyCount "68"]
[EventDate "2013.06.??"]
[EventType "swiss"]
[EventRounds "9"]
[EventCountry "USA"]
[SourceDate "2013.06.27"]

1. d4 d5 2. c4 c6 3. Nf3 Nf6 4. e3 Bf5 5. Nc3 e6 6. Nh4 Be4 7. Bd3 Bxd3 8. Qxd3
Nbd7 9. O-O Bd6 10. Nf3 dxc4 11. Qxc4 e5 12. Rd1 Qc7 13. h3 O-O 14. b3 Rfe8 15.
Bb2 Qa5 16. Qa4 Qc7 17. Qc4 e4 18. Nd2 Qa5 19. Qe2 Qg5 20. Nc4 Bc7 21. a4 Re6
22. Ba3 Rae8 23. b4 Nd5 24. Nxd5 cxd5 25. Nd2 Rg6 26. Qf1 Qh4 27. Rdc1 Bb8 28.
Kh1 Nf6 29. Rc2 Ng4 30. Nb3 Rf6 31. Qb5 Rf8 32. Raa2 Nxf2+ 33. Rxf2 Rxf2 34.
Nc1 Qg3 0-1

[Event "DC International"]
[Site "Arlington, VA"]
[Date "2013.06.29"]
[Round "6.21"]
[White "Malhotra, Akshay"]
[Black "Corallo, Michael"]
[Result "1/2-1/2"]
[WhiteElo "1944"]
[BlackElo "2201"]
[PlyCount "56"]
[EventDate "2013.06.??"]
[EventType "swiss"]
[EventRounds "9"]
[EventCountry "USA"]
[SourceDate "2013.06.27"]

1. d4 Nf6 2. c4 g6 3. Nc3 d5 4. Bg5 Ne4 5. Bh4 Nxc3 6. bxc3 dxc4 7. e3 Be6 8.
Nf3 Bg7 9. Qb1 Qd5 10. Be2 Bf5 11. Qb4 c5 12. Qb5+ Qc6 13. Qxc4 cxd4 14. cxd4
Qxc4 15. Bxc4 Nc6 16. O-O Rc8 17. Rfc1 O-O 18. Bb5 Rfe8 19. Bxc6 bxc6 20. Rc5
Be4 21. Rac1 Rb8 22. Ra5 Rb7 23. Bg3 Ra8 24. h3 Rb5 25. Ra6 Rb6 26. Ra5 Rb5 27.
Ra6 Rb6 28. Ra5 Rb5 1/2-1/2

[Event "DC International"]
[Site "Arlington, VA"]
[Date "2013.06.29"]
[Round "6.22"]
[White "Omoifo, Osemekhian"]
[Black "Sakai, Hibicki"]
[Result "1-0"]
[WhiteElo "2283"]
[BlackElo "2093"]
[PlyCount "187"]
[EventDate "2013.06.??"]
[EventType "swiss"]
[EventRounds "9"]
[EventCountry "USA"]
[SourceDate "2013.06.27"]

1. Nf3 d5 2. d4 Nf6 3. e3 e6 4. Nbd2 Bd6 5. Bd3 Nbd7 6. O-O O-O 7. Re1 c6 8. e4
dxe4 9. Nxe4 Nxe4 10. Rxe4 c5 11. Rh4 f5 12. Qe2 Nf6 13. dxc5 Bxc5 14. b4 Be7
15. Rd4 Qb6 16. Be3 Qc7 17. Rc4 Qd8 18. Rd1 Nd5 19. Bd2 Bf6 20. Ne5 Qd6 21. Re1
Nb6 22. Rc5 Nd7 23. Nxd7 Bxd7 24. Bc4 Kh8 25. Qd3 Bd4 26. Ra5 b6 27. Ra3 b5 28.
Bc3 bxc4 29. Qxd4 Qxd4 30. Bxd4 a6 31. Rg3 Rf7 32. Re5 Rb8 33. c3 Rb5 34. Rge3
Re7 35. f4 Kg8 36. Bc5 Re8 37. Re1 Rb7 38. Rd1 Bc8 39. Rd4 Rd7 40. Rxc4 Rd2 41.
a4 Ra2 42. a5 Bb7 43. Bf2 Bd5 44. Rc7 Be4 45. h3 Rd8 46. Bd4 Rxg2+ 47. Kf1 Rg6
48. h4 h5 49. Ke1 Rb8 50. Rec5 Rg4 51. Ra7 Rb7 52. Rc8+ Kh7 53. Rxa6 Re7 54.
Rd6 Rxh4 55. a6 Rh1+ 56. Kf2 h4 57. a7 Rh2+ 58. Ke3 Rh3+ 59. Ke2 Rh2+ 60. Ke1
Rh1+ 61. Kd2 Rh2+ 62. Kc1 Rh1+ 63. Kb2 Rb1+ 64. Ka2 h3 65. Rdd8 Kg6 66. Rh8 Rf1
67. a8=Q Bxa8 68. Rxa8 Rxf4 69. Rxh3 e5 70. Rg3+ Kf7 71. Bc5 Rb7 72. Rf8+ Ke6
73. Kb3 Rf1 74. Kc4 Rf4+ 75. Kb3 Rf1 76. Rg6+ Kd5 77. Rd8+ Ke4 78. Re8 f4 79.
Kc4 Kf5 80. Rge6 Re1 81. Bd6 f3 82. Rxe5+ Rxe5 83. Rxe5+ Kg4 84. Bc5 Rc7 85.
Re8 g5 86. Rf8 Kg3 87. Kd5 Rg7 88. b5 g4 89. b6 Kg2 90. Bd4 Rh7 91. Kc6 g3 92.
b7 Rxb7 93. Kxb7 f2 94. c4 1-0

[Event "DC International"]
[Site "Arlington, VA"]
[Date "2013.06.29"]
[Round "6.27"]
[White "Clancy, Daniel"]
[Black "Nieto, Manuel"]
[Result "1/2-1/2"]
[WhiteElo "2115"]
[BlackElo "1975"]
[PlyCount "67"]
[EventDate "2013.06.??"]
[EventType "swiss"]
[EventRounds "9"]
[EventCountry "USA"]
[SourceDate "2013.06.27"]

1. d4 Nf6 2. c4 c5 3. d5 b5 4. cxb5 a6 5. f3 g6 6. e4 d6 7. Na3 Bg7 8. Ne2 O-O
9. Nc3 Nbd7 10. Be2 Nb6 11. O-O Nfd7 12. Qc2 Qc7 13. b3 Bb7 14. Bb2 Rfc8 15.
bxa6 Bxa6 16. Bxa6 Rxa6 17. Ncb5 Qb7 18. Bxg7 Kxg7 19. Nc4 Nxd5 20. Nbxd6 exd6
21. exd5 Qxd5 22. Rad1 Qe6 23. Qb2+ Qf6 24. Qxf6+ Nxf6 25. Nxd6 Rcc6 26. Nc4
Rxa2 27. Rf2 Rxf2 28. Kxf2 Kf8 29. Ra1 Ke7 30. Ra7+ Nd7 31. Ne5 Rd6 32. Ke3 Ke6
33. Nxd7 Rxd7 34. Ra5 1/2-1/2

[Event "DC International"]
[Site "Arlington, VA"]
[Date "2013.06.29"]
[Round "6.30"]
[White "Avirneni, Saithanusri"]
[Black "Nieto, Guillermo"]
[Result "1/2-1/2"]
[WhiteElo "1818"]
[BlackElo "1949"]
[PlyCount "116"]
[EventDate "2013.06.??"]
[EventType "swiss"]
[EventRounds "9"]
[EventCountry "USA"]
[SourceDate "2013.06.27"]

1. d4 Nf6 2. c4 c5 3. d5 b5 4. cxb5 a6 5. bxa6 g6 6. g3 Bxa6 7. Bg2 d6 8. Nc3
Bg7 9. Nf3 Nbd7 10. O-O Nb6 11. Re1 O-O 12. e4 Nfd7 13. Qc2 c4 14. Be3 Qc7 15.
Rad1 Nc5 16. Bxc5 Qxc5 17. Ne2 Bb5 18. b3 Qa3 19. Nfd4 Bd7 20. Nc3 Rfc8 21.
Nce2 Qxa2 22. Qxa2 Rxa2 23. bxc4 Rxc4 24. Rb1 Bxd4 25. Nxd4 Rxd4 26. Rxb6 Rdd2
27. Rf1 Bg4 28. Rb3 Be2 29. Re1 Bd3 30. Bf1 Bxf1 31. Rxf1 Re2 32. Rb4 Kg7 33.
Kg2 h5 34. h3 Kf6 35. Kf3 g5 36. g4 h4 37. Rc4 Reb2 38. Rc3 Ke5 39. Re3 Rd2 40.
Rb3 Re2 41. Rb7 Kf6 42. Rb4 Rec2 43. Rb3 Ke5 44. Re3 Kd4 45. Rb3 Rc3+ 46. Rxc3
Kxc3 47. Re1 Rc2 48. Re3+ Kd4 49. Rb3 Rc3+ 50. Rxc3 Kxc3 51. Ke3 Kc4 52. f3 Kc3
53. f4 gxf4+ 54. Kxf4 Kd4 55. g5 Kd3 56. Kf3 Kd4 57. Kf4 Kd3 58. Kf3 Kd4
1/2-1/2

[Event "DC International"]
[Site "Arlington, VA"]
[Date "2013.06.30"]
[Round "7.1"]
[White "Negi, Parimarjan"]
[Black "Cheng, Bindi"]
[Result "1-0"]
[WhiteElo "2634"]
[BlackElo "2406"]
[PlyCount "73"]
[EventDate "2013.06.??"]
[EventType "swiss"]
[EventRounds "9"]
[EventCountry "USA"]
[SourceDate "2013.06.27"]

1. e4 c5 2. Nf3 g6 3. d4 cxd4 4. Nxd4 Bg7 5. c4 Nc6 6. Be3 Nf6 7. Nc3 d6 8. Be2
O-O 9. O-O Bd7 10. f3 Nxd4 11. Bxd4 a5 12. b3 Bc6 13. Qd2 Nd7 14. Be3 Nc5 15.
Rac1 Qb6 16. Nb5 Rfc8 17. Kh1 Qd8 18. Rc2 Qf8 19. Nc3 h5 20. Rd1 Kh7 21. Qe1
Qh8 22. Nd5 Bxd5 23. exd5 Nd7 24. f4 Bf6 25. g4 hxg4 26. Bxg4 Rc7 27. Rg2 a4
28. b4 Qe8 29. Qe2 Rac8 30. f5 Rxc4 31. fxg6+ fxg6 32. Rdg1 Ne5 33. Bxc8 Qxc8
34. Rxg6 Rh4 35. Qg2 Qf8 36. Rg8 Qf7 37. Qc2+ 1-0

[Event "DC International"]
[Site "Arlington, VA"]
[Date "2013.06.30"]
[Round "7.2"]
[White "Holt, Conrad"]
[Black "Kaidanov, Gregory"]
[Result "1-0"]
[WhiteElo "2531"]
[BlackElo "2577"]
[PlyCount "207"]
[EventDate "2013.06.??"]
[EventType "swiss"]
[EventRounds "9"]
[EventCountry "USA"]
[SourceDate "2013.06.27"]

1. d4 d5 2. c4 dxc4 3. e3 e5 4. Bxc4 exd4 5. exd4 Bd6 6. Nf3 Nf6 7. Qe2+ Qe7 8.
Qxe7+ Bxe7 9. Nc3 O-O 10. O-O Bf5 11. Re1 Bd6 12. Nh4 Bd7 13. Bg5 Nc6 14. Bxf6
gxf6 15. Ne4 Kg7 16. Bb5 Be6 17. d5 Bxd5 18. Nf5+ Kh8 19. Nexd6 cxd6 20. Red1
Be6 21. Nxd6 Rab8 22. f4 Ne7 23. Re1 Nf5 24. Nxf5 Bxf5 25. Re7 Be6 26. Bd7 Bd5
27. b3 Rfd8 28. Rc1 Kg7 29. Rc7 Kf8 30. Re3 a6 31. Kf2 b6 32. Bf5 h6 33. Rh3
Ba8 34. Rxh6 Rd2+ 35. Ke3 Rxg2 36. Rh8+ Rg8 37. Rxg8+ Kxg8 38. Rc8+ Rxc8 39.
Bxc8 a5 40. Bf5 Bb7 41. Kd4 Kf8 42. h3 Ke7 43. h4 Kf8 44. Bd7 Bf3 45. Bf5 Bb7
46. Be4 Bc8 47. Bc2 Bb7 48. Kc4 Bc6 49. b4 axb4 50. Kxb4 Bd7 51. Ba4 Be6 52.
Bb3 Bd7 53. Ba4 Be6 54. a3 Bg4 55. Bb3 Bd7 56. Bd5 Kg7 57. h5 Bg4 58. Kb5 Bxh5
59. Kxb6 Bd1 60. Kc5 Kg6 61. Kd4 Ba4 62. Ke3 f5 63. Bf3 Kf6 64. Kd4 Ke6 65.
Bd5+ Kf6 66. Bf3 Ke6 67. Kc5 Kd7 68. Bd5 f6 69. Bc4 Kc7 70. Bb5 Bc2 71. a4 Be4
72. a5 Bf3 73. Bc4 Be4 74. Bd5 Kb8 75. Bc4 Kb7 76. Kd6 Ka7 77. Ke6 Bc2 78. Kxf6
Kb7 79. Bb5 Ka7 80. Ke5 Kb7 81. Kd6 Be4 82. Bc4 Ka7 83. Kc5 Bc2 84. Kd4 Ba4 85.
Bd3 Bd7 86. Ke5 Kb7 87. Kd6 Bc8 88. Bc4 Ka7 89. Ke5 Bd7 90. Be6 Bb5 91. Bc8 Bf1
92. Kf6 Bg2 93. Ke5 Bf1 94. Bxf5 Ka6 95. Bc8+ Kxa5 96. f5 Be2 97. f6 Bh5 98.
Bg4 Bg6 99. Bf5 Bh5 100. Kf4 Kb6 101. Kg5 Bf7 102. Kh6 Kc5 103. Kg7 Bc4 104.
Bh7 1-0

[Event "DC International"]
[Site "Arlington, VA"]
[Date "2013.06.30"]
[Round "7.3"]
[White "Fernandez, Daniel"]
[Black "Sarkar, Justin"]
[Result "1-0"]
[WhiteElo "2396"]
[BlackElo "2455"]
[PlyCount "85"]
[EventDate "2013.06.??"]
[EventType "swiss"]
[EventRounds "9"]
[EventCountry "USA"]
[SourceDate "2013.06.27"]

1. d4 Nf6 2. c4 g6 3. Nc3 Bg7 4. Bg5 O-O 5. Nf3 d6 6. e3 c5 7. Be2 h6 8. Bh4 g5
9. Bg3 Nh5 10. d5 Qa5 11. Qc2 Bxc3+ 12. bxc3 Bf5 13. Qc1 Nd7 14. Nd2 Nxg3 15.
hxg3 Nf6 16. f4 Kg7 17. e4 Nxe4 18. Nxe4 Bxe4 19. fxg5 h5 20. Rxh5 Bg6 21. Rh4
e5 22. Kf2 Rae8 23. Kg1 e4 24. Qe3 Re5 25. Rf1 Qxa2 26. Qf4 Rf5 27. Qxd6 Qa6
28. Qxa6 Rxf1+ 29. Kxf1 bxa6 30. Kf2 Rb8 31. Rh1 Rb2 32. g4 Rc2 33. Ra1 Rxc3
34. d6 Kf8 35. Rxa6 e3+ 36. Kf3 Bd3 37. Rxa7 Bxe2+ 38. Kxe2 Ke8 39. Re7+ Kd8
40. Rxf7 Rxc4 41. g6 Rxg4 42. g7 Rxg2+ 43. Kxe3 1-0

[Event "DC International"]
[Site "Arlington, VA"]
[Date "2013.06.30"]
[Round "7.4"]
[White "Cornejo, Max"]
[Black "Enkhbat, Tegshsuren"]
[Result "1/2-1/2"]
[WhiteElo "2395"]
[BlackElo "2426"]
[PlyCount "114"]
[EventDate "2013.06.??"]
[EventType "swiss"]
[EventRounds "9"]
[EventCountry "USA"]
[SourceDate "2013.06.27"]

1. e4 c6 2. d4 d5 3. Nc3 dxe4 4. Nxe4 Bf5 5. Ng3 Bg6 6. Nh3 e6 7. Nf4 Bd6 8. c3
Nf6 9. h4 Bxf4 10. Bxf4 h6 11. h5 Bh7 12. Qb3 Qe7 13. Be2 O-O 14. O-O a5 15.
Be5 a4 16. Bxf6 gxf6 17. Qd1 f5 18. Qd2 Qg5 19. Qxg5+ hxg5 20. f4 gxf4 21. Rxf4
a3 22. b4 Nd7 23. Nf1 Kh8 24. Ne3 Nb6 25. Rf3 Rg8 26. Kf2 Rg7 27. Nc4 Nxc4 28.
Bxc4 Rag8 29. Bf1 Rg4 30. Re1 f4 31. c4 Rd8 32. Rxa3 Rxd4 33. Be2 Rd2 34. Kg1
Rg3 35. Ra8+ Kg7 36. Bf3 Rb2 37. Rb8 Rxb4 38. Bxc6 Rxc4 39. Bf3 Rc3 40. Kh1 Re3
41. Rxe3 fxe3 42. Kg1 Rg5 43. Rxb7 Re5 44. Be2 Be4 45. h6+ Kg8 46. Rb5 Bd5 47.
a4 f5 48. Rb4 Bc6 49. Rc4 Be4 50. Rc3 Kh7 51. Rxe3 Ra5 52. Bf3 Rxa4 53. Bxe4
Rxe4 54. Rxe4 fxe4 55. Kf2 Kxh6 56. Ke3 Kg5 57. Kxe4 Kg4 1/2-1/2

[Event "DC International"]
[Site "Arlington, VA"]
[Date "2013.06.30"]
[Round "7.5"]
[White "Liou, Yian"]
[Black "Balasubramanian, Adithya"]
[Result "1/2-1/2"]
[WhiteElo "2385"]
[BlackElo "2298"]
[PlyCount "201"]
[EventDate "2013.06.??"]
[EventType "swiss"]
[EventRounds "9"]
[EventCountry "USA"]
[SourceDate "2013.06.27"]

1. e4 e5 2. Nf3 Nc6 3. Bb5 a6 4. Ba4 Nf6 5. d3 b5 6. Bb3 Be7 7. a4 b4 8. O-O
O-O 9. Nbd2 d6 10. Nc4 Bg4 11. Be3 d5 12. exd5 Nxd5 13. h3 Nxe3 14. fxe3 Bh5
15. Qe1 Bf6 16. a5 Bxf3 17. Rxf3 e4 18. dxe4 Qe7 19. Qg3 Kh8 20. Raf1 Be5 21.
Qf2 f6 22. Ba4 Nd8 23. Rf5 Nf7 24. Qh4 Bd6 25. Bc6 Rab8 26. Bd5 Ne5 27. Nd2 c6
28. Bb3 Rb5 29. g4 Bc5 30. Qe1 g6 31. R5f4 Bd6 32. R4f2 Rxa5 33. Qe2 Rb5 34.
Ba4 Rbb8 35. Rd1 Bc7 36. Nf1 a5 37. Kg2 Rbd8 38. Rxd8 Rxd8 39. Qa6 Kg7 40. Rd2
Rxd2+ 41. Nxd2 Qd6 42. Qe2 Nd7 43. Kf1 Nc5 44. b3 Nxa4 45. bxa4 Qg3 46. Qf3 Qe5
47. Qd1 Qh2 48. Nc4 Qxh3+ 49. Ke1 Qh1+ 50. Ke2 Qxd1+ 51. Kxd1 h5 52. gxh5 gxh5
53. Ke2 h4 54. Kf3 h3 55. e5 fxe5 56. e4 Kf6 57. Kg3 Kg5 58. Nd2 c5 59. Nf3+
Kh5 60. Kxh3 c4 61. Nd2 b3 62. c3 b2 63. Kg3 Bb6 64. Nb1 Kg5 65. Nd2 Be3 66.
Nb1 Bc1 67. Na3 Bd2 68. Nb1 Bf4+ 69. Kf3 Kh4 70. Na3 Bd2 71. Nb1 Bg5 72. Na3
Be7 73. Nb1 Kh3 74. Nd2 Bf8 75. Nb1 Bc5 76. Nd2 Kh2 77. Nb1 Kg1 78. Ke2 Kg2 79.
Kd1 Kf3 80. Nd2+ Ke3 81. Kc2 b1=Q+ 82. Nxb1 Kxe4 83. Nd2+ Kd5 84. Kd1 Be3 85.
Nf3 Ke4 86. Ke2 Bc1 87. Nh4 Ba3 88. Nf3 Bc1 89. Nh4 Bb2 90. Kd2 Ba3 91. Ke2 Bc1
92. Nf3 Kf4 93. Nh4 Bb2 94. Kd2 e4 95. Ng6+ Kf3 96. Ne5+ Kf2 97. Ng4+ Kg3 98.
Ne5 Kf2 99. Ng4+ Kf1 100. Ne3+ Kf2 101. Ng4+ 1/2-1/2

[Event "DC International"]
[Site "Arlington, VA"]
[Date "2013.06.30"]
[Round "7.7"]
[White "Ulrich, Thomas"]
[Black "Shetty, Atulya"]
[Result "0-1"]
[WhiteElo "2225"]
[BlackElo "2320"]
[PlyCount "90"]
[EventDate "2013.06.??"]
[EventType "swiss"]
[EventRounds "9"]
[EventCountry "USA"]
[SourceDate "2013.06.27"]

1. d4 d5 2. c4 c6 3. Nf3 Nf6 4. Nc3 a6 5. c5 Bf5 6. Nh4 Be4 7. f3 Bg6 8. Qb3
Ra7 9. Bg5 Nbd7 10. e4 e5 11. dxe5 Nxc5 12. Qc2 Ne6 13. Nxg6 hxg6 14. Bxf6 gxf6
15. exd5 cxd5 16. Qa4+ Qd7 17. Qxd7+ Kxd7 18. exf6 Bb4 19. O-O-O Bxc3 20. bxc3
Kc6 21. g3 b5 22. Bg2 Rd7 23. f4 Nc7 24. h4 Rd6 25. Rhe1 Re8 26. Re5 Red8 27.
Rd3 Rxf6 28. Kd2 Rfd6 29. Re7 f5 30. Rde3 Kb6 31. Rd3 Ne6 32. Ke3 Nc5 33. Rd1
Na4 34. Kd4 Rc6 35. Rd3 Nc5 36. Rde3 Ne4 37. Rg7 Rc4+ 38. Kd3 Rxc3+ 39. Kd4
Rc4+ 40. Kd3 Rd6 41. h5 gxh5 42. Rh7 d4 43. Rf3 Rc3+ 44. Ke2 d3+ 45. Kd1 d2 0-1

[Event "DC International"]
[Site "Arlington, VA"]
[Date "2013.06.30"]
[Round "7.8"]
[White "Panchanathan, Magesh"]
[Black "Vibbert, Sean"]
[Result "1-0"]
[WhiteElo "2570"]
[BlackElo "2255"]
[PlyCount "99"]
[EventDate "2013.06.??"]
[EventType "swiss"]
[EventRounds "9"]
[EventCountry "USA"]
[SourceDate "2013.06.27"]

1. e4 c5 2. Nf3 Nc6 3. d4 cxd4 4. Nxd4 Nf6 5. Nc3 d6 6. Bg5 e6 7. Qd2 a6 8.
O-O-O Bd7 9. f3 Be7 10. Kb1 Qc7 11. g4 h5 12. gxh5 Rxh5 13. h4 Nxd4 14. Qxd4 b5
15. a3 Rb8 16. Be2 a5 17. f4 b4 18. axb4 Rxb4 19. Qd3 Qb7 20. Bxh5 a4 21. Kc1
Nxh5 22. Bxe7 Kxe7 23. Qxd6+ Ke8 24. f5 a3 25. bxa3 Rc4 26. fxe6 fxe6 27. Rh3
Rc6 28. Qe5 Nf6 29. h5 Qa7 30. a4 Rc5 31. Qd6 Rc6 32. Qd3 Qc5 33. Nb5 Qb4 34.
Qd4 Qxd4 35. Nxd4 Rc4 36. e5 Ne4 37. h6 gxh6 38. Rxh6 Rxa4 39. Rh8+ Kf7 40. Nb3
Bc6 41. Rf1+ Kg7 42. Rh3 Kg6 43. Rhf3 Kh5 44. Rg1 Ng5 45. Rf8 Ra7 46. Rg8 Nh7
47. R1g3 Kh4 48. Nd4 Bd5 49. R3g4+ Kh5 50. Ne2 1-0

[Event "DC International"]
[Site "Arlington, VA"]
[Date "2013.06.30"]
[Round "7.11"]
[White "Mandizha, Farai"]
[Black "Viswanadha, Kesav"]
[Result "1-0"]
[WhiteElo "2390"]
[BlackElo "2177"]
[PlyCount "203"]
[EventDate "2013.06.??"]
[EventType "swiss"]
[EventRounds "9"]
[EventCountry "USA"]
[SourceDate "2013.06.27"]

1. d4 Nf6 2. c4 e6 3. Nc3 Bb4 4. e3 O-O 5. Nge2 Re8 6. a3 Bf8 7. g3 d5 8. Bg2
dxc4 9. Qa4 e5 10. dxe5 Nfd7 11. f4 Nb6 12. Qc2 Na6 13. O-O Nc5 14. Rd1 Qe7 15.
Nd5 Nxd5 16. Bxd5 Bg4 17. Bxc4 Rad8 18. Rf1 Bh3 19. Re1 Ne6 20. Nc3 Qc5 21. Bf1
Bxf1 22. Rxf1 c6 23. Bd2 Nc7 24. Rac1 Nd5 25. Rfe1 f6 26. b4 Qc4 27. Nxd5 Qxd5
28. Bc3 fxe5 29. Bxe5 Qd3 30. Qxd3 Rxd3 31. Rc3 Red8 32. Kf2 c5 33. bxc5 Rxc3
34. Bxc3 Bxc5 35. Bb4 Bxb4 36. axb4 Rd3 37. Rc1 Rd2+ 38. Kf3 Rxh2 39. Rc8+ Kf7
40. Rc7+ Kf6 41. Rxb7 Rb2 42. Kg4 Re2 43. Kf3 Rb2 44. e4 h5 45. e5+ Kg6 46. e6
Kf6 47. e7 Kf7 48. Rxa7 Rxb4 49. e8=Q+ Kxe8 50. Rxg7 Rb5 51. Rg5 Rb3+ 52. Kg2
h4 53. gxh4 Kf7 54. Rg3 Rb2+ 55. Kf3 Kf6 56. h5 Rh2 57. Kg4 Rh1 58. Rg2 Ra1 59.
Rh2 Rg1+ 60. Kf3 Rg7 61. h6 Rh7 62. Kg4 Kg6 63. f5+ Kf6 64. Rh1 Kf7 65. Kg5 Kg8
66. Re1 Ra7 67. Kg6 Rg7+ 68. Kf6 Rf7+ 69. Ke6 Ra7 70. Rg1+ Kh8 71. Rd1 Ra2 72.
Rd7 Kg8 73. Kf6 Ra1 74. Rd6 Rf1 75. Rd5 Re1 76. Re5 Ra1 77. Re4 Ra2 78. Rd4 Re2
79. Rd3 Ra2 80. Rd1 Rf2 81. Rd7 Ra2 82. Rd4 Re2 83. Rd1 Rf2 84. Rd5 Re2 85. Rd4
Re1 86. h7+ Kxh7 87. Kf7 Rh1 88. f6 Rh2 89. Rd5 Rh1 90. Re5 Rh2 91. Re4 Rh1 92.
Ke7 Ra1 93. f7 Ra7+ 94. Kf6 Ra6+ 95. Re6 Ra8 96. Re8 Ra6+ 97. Ke5 Ra5+ 98. Kd4
Ra4+ 99. Kc5 Ra5+ 100. Kb6 Rf5 101. f8=Q Rf6+ 102. Kc5 1-0